[Event "Copenhagen Chess Challenge 2017"]
[Site "Ballerup"]
[Date "2017.05.12"]
[Round "5.12"]
[White "Fries Nielsen, Jens Ove"]
[Black "Jacobsen, Mikkel Manosri"]
[Result "1/2-1/2"]
[WhiteElo "2351"]
[BlackElo "2187"]
[PlyCount "91"]
[EventDate "2017.05.10"]

1. d4 d5 2. Nc3 Nf6 3. Bf4 e6 4. Nb5 Bd6 5. Nxd6+ cxd6 6. e3 Nc6 7. Nf3 Qe7 8.
Be2 Bd7 9. c3 Ne4 10. h3 O-O 11. Bh2 b5 12. O-O Na5 13. Nd2 Nxd2 14. Qxd2 Nc4
15. Qc1 e5 16. b3 Nb6 17. Qa3 Qe6 18. Qa5 Qe8 19. Rfd1 f5 20. dxe5 dxe5 21. Bf3
Qe6 22. c4 bxc4 23. Bxd5 Nxd5 24. Qxd5 Qxd5 25. Rxd5 Be6 26. Ra5 cxb3 27. axb3
e4 28. b4 Rf7 29. Be5 Bc4 30. Bd4 Rb7 31. Rxf5 a6 32. Bc5 g6 33. Re5 Bd3 34.
Ra3 Rd8 35. f3 exf3 36. gxf3 Be2 37. Kf2 Rd2 38. e4 Rbd7 39. Ke3 Bf1 40. Re8+
Kg7 41. h4 h6 42. Re7+ Rxe7 43. Bxe7 Re2+ 44. Kf4 Kf7 45. Bc5 Rh2 46. Kg3
1/2-1/2

[Event "Copenhagen Chess Challenge 2017"]
[Site "Ballerup"]
[Date "2017.05.12"]
[Round "5.13"]
[White "Jorgensen, Dennis"]
[Black "Bjerre, Jonas Buhl"]
[Result "1-0"]
[WhiteElo "2172"]
[BlackElo "2338"]
[PlyCount "53"]
[EventDate "2017.05.10"]

1. d4 Nf6 2. Nf3 e6 3. c4 Bb4+ 4. Bd2 a5 5. e3 b6 6. Bd3 Bb7 7. O-O Bxd2 8.
Nfxd2 d6 9. Nc3 O-O 10. Nde4 Nbd7 11. Qf3 Rb8 12. Qh3 Nxe4 13. Nxe4 f5 14. Nc3
Qf6 15. Rad1 e5 16. Bc2 Rbe8 17. Nb5 c6 18. dxe5 Nxe5 19. Nxd6 Rb8 20. Qxf5
Qxf5 21. Bxf5 g6 22. Be6+ Kg7 23. f4 Kf6 24. fxe5+ Kxe6 25. Rxf8 Rxf8 26. Nxb7
Kxe5 27. c5 1-0

[Event "Copenhagen Chess Challenge 2017"]
[Site "Ballerup"]
[Date "2017.05.12"]
[Round "5.14"]
[White "Kleinman, Michael"]
[Black "Itkin, David"]
[Result "1/2-1/2"]
[WhiteElo "2335"]
[BlackElo "2118"]
[PlyCount "51"]
[EventDate "2017.05.10"]

1. e4 c5 2. Nf3 d6 3. d4 Nf6 4. dxc5 Qa5+ 5. Nc3 Nxe4 6. cxd6 Nxc3 7. bxc3 Nc6
8. Bd3 e6 9. O-O Bxd6 10. Re1 h6 11. Be4 Bc7 12. Bb2 Bd7 13. Nd4 O-O-O 14. Qf3
Ne5 15. Bxb7+ Kb8 16. Rxe5 Qxe5 17. Ba8 Qxh2+ 18. Kf1 Bc8 19. Nc6+ Kxa8 20.
Nxd8+ Kb8 21. Nc6+ Ka8 22. Nd8+ Kb8 23. Nc6+ Ka8 24. Nd8+ Kb8 25. Nc6+ Ka8 26.
Nd8+ 1/2-1/2

[Event "Copenhagen Chess Challenge 2017"]
[Site "Ballerup"]
[Date "2017.05.12"]
[Round "5.15"]
[White "Dahl, Trygve"]
[Black "Urkedal, Frode"]
[Result "0-1"]
[WhiteElo "2169"]
[BlackElo "2540"]
[PlyCount "32"]
[EventDate "2017.05.10"]

1. e4 e5 2. Nf3 Nc6 3. d4 exd4 4. Nxd4 Bc5 5. Be3 Qf6 6. c3 Nge7 7. Bc4 O-O 8.
O-O Bb6 9. Na3 Qg6 10. f3 Rd8 11. Nac2 d5 12. Nxc6 bxc6 13. Bd3 dxe4 14. fxe4
Ba6 15. Nd4 Bxd3 16. Qxd3 c5 0-1

[Event "Copenhagen Chess Challenge 2017"]
[Site "Ballerup"]
[Date "2017.05.12"]
[Round "5.16"]
[White "Hagen, Andreas Skytte"]
[Black "Eriksson, Christian Altenburg"]
[Result "1-0"]
[WhiteElo "2389"]
[BlackElo "2170"]
[PlyCount "93"]
[EventDate "2017.05.10"]

1. Nf3 c5 2. g3 Nc6 3. Bg2 g6 4. O-O Bg7 5. c3 d5 6. d3 e6 7. Nbd2 Nge7 8. e4
dxe4 9. dxe4 O-O 10. Qe2 e5 11. Nc4 b6 12. Rd1 Qc7 13. Nd6 Bg4 14. h3 Bxf3 15.
Qxf3 Rad8 16. Nb5 Rxd1+ 17. Qxd1 Rd8 18. Qg4 Qd7 19. Qxd7 Rxd7 20. Be3 Na5 21.
Bf1 Kf8 22. Be2 h5 23. Kf1 f5 24. exf5 Nxf5 25. Bg5 Bh6 26. Bxh6+ Nxh6 27. Rd1
Re7 28. Rd8+ Kg7 29. Ra8 Nc6 30. Rc8 Na5 31. b4 Nb7 32. Nxa7 Nd6 33. Ra8 cxb4
34. cxb4 Rc7 35. Nb5 Rc1+ 36. Kg2 Ne4 37. Ra7+ Kf8 38. Bd3 Re1 39. Rb7 Nd2 40.
Bxg6 e4 41. Bxh5 e3 42. fxe3 Rxe3 43. Rxb6 Kg7 44. Nd4 Re5 45. Bf3 Nf7 46. h4
Nc4 47. Re6 1-0

[Event "Copenhagen Chess Challenge 2017"]
[Site "Ballerup"]
[Date "2017.05.12"]
[Round "5.17"]
[White "Stojanovski, Sandi"]
[Black "Andersen, Soren Mikkel"]
[Result "1-0"]
[WhiteElo "2277"]
[BlackElo "2111"]
[PlyCount "79"]
[EventDate "2017.05.10"]

1. d4 d5 2. c4 c6 3. Nf3 Nf6 4. e3 e6 5. b3 Nbd7 6. Bb2 Bd6 7. Nbd2 b6 8. Bd3
Bb7 9. O-O O-O 10. Ne5 Rc8 11. f4 c5 12. Nxd7 Qxd7 13. dxc5 Bxc5 14. Bxf6 dxc4
15. Bxh7+ Kh8 16. Qh5 Bxe3+ 17. Kh1 Bxg2+ 18. Kxg2 Qd5+ 19. Qxd5 exd5 20. Bf5
gxf6 21. Bxc8 Rxc8 22. bxc4 dxc4 23. Ne4 c3 24. Rf3 c2 25. Rxe3 c1=Q 26. Rxc1
Rxc1 27. Ra3 a5 28. Nxf6 Kg7 29. Nd5 Rc6 30. Kf3 Rd6 31. Ke4 Re6+ 32. Kd4 f5
33. Re3 Rc6 34. Ke5 Rc2 35. Kxf5 b5 36. a3 Rxh2 37. Rb3 Ra2 38. Nc3 a4 39. Nxa2
axb3 40. Nc3 1-0

[Event "Copenhagen Chess Challenge 2017"]
[Site "Ballerup"]
[Date "2017.05.12"]
[Round "5.18"]
[White "Adinolfi, Vincenzo"]
[Black "Veng, Johnny"]
[Result "0-1"]
[WhiteElo "2108"]
[BlackElo "2277"]
[PlyCount "132"]
[EventDate "2017.05.10"]

1. d4 Nf6 2. c4 e6 3. Nf3 b6 4. Nc3 Bb7 5. e3 Be7 6. Be2 O-O 7. O-O d5 8. b3
Nbd7 9. Bb2 Ne4 10. Ne5 Bd6 11. Nxe4 dxe4 12. Nxd7 Qxd7 13. Qc2 f5 14. f4 exf3
15. Bxf3 Bxf3 16. Rxf3 c5 17. Rd1 Rad8 18. Rff1 Qe7 19. Qf2 Bc7 20. Qf3 Rd6 21.
Rf2 Rfd8 22. Rfd2 Qg5 23. h3 R6d7 24. d5 Qg3 25. Bc3 Qh2+ 26. Kf2 e5 27. Qg3
Qxg3+ 28. Kxg3 e4+ 29. Kf2 Bd6 30. Ke2 Rf8 31. Rf1 g5 32. Rdd1 h6 33. a4 a5 34.
Rh1 f4 35. Rdf1 Rdf7 36. Bd2 Be5 37. Be1 Kg7 38. Bd2 Kg6 39. Be1 h5 40. Bd2 Bd6
41. Bc3 Rf5 42. Bd2 Be5 43. Be1 R8f7 44. Bd2 f3+ 45. gxf3 Rxf3 46. Be1 R7f5 47.
Rxf3 exf3+ 48. Kf1 g4 49. hxg4 hxg4 50. Rg1 Rg5 51. Bg3 Bxg3 52. Rxg3 Kf5 53.
Kf2 Rh5 54. Rg1 Rh2+ 55. Kg3 Rh3+ 56. Kf2 Rh2+ 57. Kg3 Rd2 58. Kh4 Rg2 59. Rf1
Rh2+ 60. Kg3 Rh3+ 61. Kf2 Ke4 62. Rg1 Rh2+ 63. Kg3 Rd2 64. Re1 Rg2+ 65. Kh4 f2
66. Rf1 Ke5 0-1

[Event "Copenhagen Chess Challenge 2017"]
[Site "Ballerup"]
[Date "2017.05.12"]
[Round "5.19"]
[White "Andersen, Kim Nyvang"]
[Black "Akdag, Dara Sevkan"]
[Result "0-1"]
[WhiteElo "2011"]
[BlackElo "2240"]
[PlyCount "52"]
[EventDate "2017.05.10"]

1. d4 Nf6 2. c4 c5 3. d5 e6 4. Nc3 exd5 5. cxd5 g6 6. e4 d6 7. Nge2 Bg7 8. Ng3
O-O 9. Be2 Re8 10. O-O Na6 11. Bg5 h6 12. Be3 Nc7 13. Qd2 Kh7 14. f3 Rb8 15. a4
a6 16. a5 Bd7 17. Rfb1 Qe7 18. Ra3 b5 19. axb6 Rxb6 20. Na4 Bxa4 21. Rxa4 Nfxd5
22. Bxc5 dxc5 23. exd5 Bd4+ 24. Kh1 Qe5 25. Qa5 Nxd5 26. b4 Reb8 0-1

[Event "Copenhagen Chess Challenge 2017"]
[Site "Ballerup"]
[Date "2017.05.12"]
[Round "5.20"]
[White "O'Gorman, Tom"]
[Black "Slettebo, Jan"]
[Result "1-0"]
[WhiteElo "2229"]
[BlackElo "2020"]
[PlyCount "65"]
[EventDate "2017.05.10"]

1. e4 e5 2. Nf3 Nc6 3. Bb5 Nge7 4. Nc3 g6 5. d4 exd4 6. Nd5 Bg7 7. Bg5 h6 8.
Bf6 Bxf6 9. Nxf6+ Kf8 10. O-O a6 11. Bc4 d6 12. Nxd4 Kg7 13. Nxc6 Nxc6 14. Nd5
Re8 15. Qd3 f6 16. f4 Na5 17. f5 g5 18. Qe2 Nxc4 19. Qxc4 c6 20. Nc3 Re5 21.
Rad1 d5 22. exd5 Qb6+ 23. Qd4 Qxd4+ 24. Rxd4 Bxf5 25. dxc6 bxc6 26. Rd6 Re6 27.
Rxe6 Bxe6 28. Ne4 Rd8 29. h3 f5 30. Nc5 Bc8 31. Rf2 Rd5 32. b4 Kf6 33. c3 1-0

[Event "Copenhagen Chess Challenge 2017"]
[Site "Ballerup"]
[Date "2017.05.12"]
[Round "5.21"]
[White "Pakmor, Claus"]
[Black "Brondt, Nicolai Kvist"]
[Result "0-1"]
[WhiteElo "1992"]
[BlackElo "2213"]
[PlyCount "54"]
[EventDate "2017.05.10"]

1. e4 c5 2. Nc3 e6 3. g3 Nc6 4. Bg2 g6 5. d3 Bg7 6. f4 d6 7. Nf3 Nge7 8. O-O
O-O 9. Be3 Nd4 10. Qd2 Rb8 11. Nd1 b5 12. c3 Nxf3+ 13. Bxf3 b4 14. d4 bxc3 15.
bxc3 Ba6 16. Rf2 Qc7 17. Rc1 Rfc8 18. dxc5 dxc5 19. c4 Rd8 20. Qc2 Bd4 21. Bxd4
Rxd4 22. Ne3 Nc6 23. e5 Nb4 24. Qc3 Nd3 25. Rd1 Nxf2 26. Rxd4 cxd4 27. Qxd4 Rd8
0-1

[Event "Copenhagen Chess Challenge 2017"]
[Site "Ballerup"]
[Date "2017.05.12"]
[Round "5.22"]
[White "Rebers, Eugene"]
[Black "Fossan, Andreas"]
[Result "0-1"]
[WhiteElo "2200"]
[BlackElo "1994"]
[PlyCount "62"]
[EventDate "2017.05.10"]

1. Nf3 Nf6 2. g3 e6 3. Bg2 d5 4. b3 Be7 5. c4 O-O 6. O-O c5 7. e3 Nc6 8. Bb2 d4
9. exd4 cxd4 10. Re1 Ne8 11. Ne5 Nxe5 12. Rxe5 f6 13. Re1 e5 14. d3 Rb8 15. Nd2
Bd7 16. Qe2 Bc6 17. Bxc6 bxc6 18. f4 Bd6 19. fxe5 fxe5 20. Ne4 Bb4 21. Rf1 Nd6
22. a3 Nxe4 23. axb4 Ng5 24. Rxa7 Rxf1+ 25. Qxf1 Qb6 26. Ra4 Rf8 27. Qd1 c5 28.
h4 Nh3+ 29. Kg2 Nf2 30. Qb1 Qc6+ 31. Kh2 Qe6 0-1

[Event "Copenhagen Chess Challenge 2017"]
[Site "Ballerup"]
[Date "2017.05.12"]
[Round "5.23"]
[White "Harstad, Christian"]
[Black "Kistrup, Nicolai"]
[Result "1-0"]
[WhiteElo "1979"]
[BlackElo "2185"]
[PlyCount "55"]
[EventDate "2017.05.10"]

1. d4 Nf6 2. c4 e6 3. Nc3 Bb4 4. Qc2 O-O 5. a3 Bxc3+ 6. Qxc3 b6 7. f3 d5 8. Bg5
Bb7 9. e3 Nbd7 10. cxd5 exd5 11. Bd3 Re8 12. Bf5 h6 13. Bxd7 Qxd7 14. Bxf6 gxf6
15. Ne2 Rac8 16. Kf2 Qe7 17. Rhe1 c5 18. Qd2 Qf8 19. g4 Rc7 20. Rac1 Rec8 21.
Ng3 cxd4 22. exd4 Rxc1 23. Rxc1 Rxc1 24. Qxc1 Kh7 25. Qf4 Qd8 26. Nh5 Kg8 27.
Qxh6 Qf8 28. Nxf6# 1-0

[Event "Copenhagen Chess Challenge 2017"]
[Site "Ballerup"]
[Date "2017.05.12"]
[Round "5.24"]
[White "Steenstrup, Svend"]
[Black "Lokander, Martin"]
[Result "0-1"]
[WhiteElo "1916"]
[BlackElo "2333"]
[PlyCount "86"]
[EventDate "2017.05.10"]

1. d4 b6 2. Nf3 Bb7 3. Nbd2 Nf6 4. c4 g6 5. b3 Bg7 6. Bb2 O-O 7. Qc2 e6 8. e4
d5 9. Bd3 Na6 10. a3 dxe4 11. Nxe4 Nxe4 12. Bxe4 Bxe4 13. Qxe4 c5 14. Rd1 cxd4
15. Bxd4 Bxd4 16. Rxd4 Nc5 17. Qe3 Qc7 18. O-O Rad8 19. Rfd1 Rxd4 20. Rxd4 f6
21. h4 e5 22. Rd5 Rd8 23. Qd2 Rxd5 24. Qxd5+ Kg7 25. b4 Nb7 26. g4 Nd6 27. c5
bxc5 28. bxc5 Nb7 29. g5 Nxc5 30. gxf6+ Kxf6 31. Ng5 Nb7 32. Qe6+ Kg7 33. Ne4
Nd8 34. Qf6+ Kg8 35. Kg2 Nf7 36. Qe6 Qb6 37. Nf6+ Kg7 38. Ne8+ Kf8 39. Qc8 Ke7
40. Nc7 Qc6+ 41. Kg3 Nd6 42. Qe6+ Kd8 43. Nd5 Nf5+ 0-1

[Event "Copenhagen Chess Challenge 2017"]
[Site "Ballerup"]
[Date "2017.05.12"]
[Round "5.25"]
[White "Brinck Claussen, Bjorn"]
[Black "Stage Steffensen, Sander"]
[Result "1-0"]
[WhiteElo "2227"]
[BlackElo "1952"]
[PlyCount "165"]
[EventDate "2017.05.10"]

1. d4 Nf6 2. c4 e6 3. Nc3 d5 4. cxd5 exd5 5. Bg5 Be7 6. e3 Bf5 7. Qb3 Nbd7 8.
Bxf6 Nxf6 9. Qxb7 O-O 10. Ba6 Qd6 11. Qb5 Rab8 12. Qe2 Qb6 13. Nf3 Qxb2 14.
Qxb2 Rxb2 15. O-O Rb6 16. Be2 Bb4 17. Na4 Rbb8 18. Rfc1 Ba5 19. Ne5 Rb4 20. Bd1
Bd7 21. Nc5 Bb5 22. a3 Rb2 23. Rcb1 Rxb1 24. Rxb1 Bc4 25. Bf3 Re8 26. g3 a6 27.
Nxc4 dxc4 28. Rc1 c3 29. Nb3 Bb6 30. Rxc3 Rd8 31. Nc5 a5 32. Na4 Kf8 33. Rc6
Rb8 34. h4 Ng8 35. Nc5 Ke7 36. Na6 Rb7 37. Rc4 Ra7 38. Nb8 Ke8 39. Bc6+ Kd8 40.
Bd5 Ne7 41. Bxf7 Ra8 42. Nc6+ Nxc6 43. Rxc6 Kd7 44. d5 Rf8 45. Be6+ Ke7 46. Kg2
Rd8 47. h5 Rd6 48. Rc4 Rd8 49. Rg4 Kf6 50. Rf4+ Kg5 51. Rf7 Kh6 52. a4 g6 53.
Kh3 gxh5 54. Rf6+ Kg7 55. Rf5 Rf8 56. Rxf8 Kxf8 57. Kh4 Kg7 58. Kxh5 h6 59. Kg4
Kf6 60. Bd7 Bc5 61. Kf4 Bd6+ 62. Ke4 Bb4 63. f4 h5 64. Kf3 Be1 65. e4 h4 66. g4
Ke7 67. Bb5 Kd6 68. g5 h3 69. Bf1 h2 70. Bg2 Ke7 71. e5 Kf7 72. Kg4 Bc3 73. Kf5
Bb4 74. g6+ Kg7 75. Be4 Bc5 76. Ke6 h1=Q 77. Bxh1 Kxg6 78. Bf3 Kg7 79. f5 Kf8
80. Bh5 Bb4 81. f6 Bc5 82. Kf5 Bb4 83. e6 1-0

[Event "Copenhagen Chess Challenge 2017"]
[Site "Ballerup"]
[Date "2017.05.12"]
[Round "5.26"]
[White "Tandrup, Michael"]
[Black "Quinones Maletti, Julio Guillermo"]
[Result "0-1"]
[WhiteElo "1906"]
[BlackElo "2164"]
[PlyCount "108"]
[EventDate "2017.05.10"]

1. d4 Nf6 2. Nf3 g6 3. e3 Bg7 4. b3 O-O 5. Bb2 d6 6. Be2 Nbd7 7. O-O c6 8. c4
Qc7 9. Nbd2 e5 10. Qc2 Re8 11. dxe5 dxe5 12. b4 Nf8 13. c5 Nd5 14. a3 b5 15.
Ne4 Bf5 16. Nh4 Bxe4 17. Qxe4 f5 18. Qc2 e4 19. g3 Rad8 20. Ng2 Nd7 21. Bxg7
Kxg7 22. Nf4 N7f6 23. Rad1 a5 24. Nxd5 Nxd5 25. Qb2+ Kg8 26. Rd2 a4 27. Rfd1
Qf7 28. Rd4 Qb7 29. Bf1 Rd7 30. Qd2 Red8 31. h4 Kf8 32. Bg2 Nf6 33. Qb2 Rxd4
34. Rxd4 Rxd4 35. Qxd4 Qe7 36. Bh3 h5 37. Bf1 Kf7 38. Be2 Ke6 39. f4 Kf7 40.
Kf2 Ke8 41. Ke1 Qe6 42. Kf2 Ke7 43. Qb2 Qd5 44. Qc3 Kf7 45. Qb2 Ng4+ 46. Bxg4
hxg4 47. Qc2 Ke6 48. Qb2 Kf7 49. Qc2 Kg8 50. Qb2 Qd1 51. Qa2+ Kf8 52. Qb2 Qf3+
53. Ke1 Qxg3+ 54. Kf1 Qf3+ 0-1

[Event "Copenhagen Chess Challenge 2017"]
[Site "Ballerup"]
[Date "2017.05.12"]
[Round "5.27"]
[White "Nielsen, Thomas Bach"]
[Black "Nilssen, Ellen Fredericia"]
[Result "0-1"]
[WhiteElo "2163"]
[BlackElo "1926"]
[PlyCount "74"]
[EventDate "2017.05.10"]

1. f4 g6 2. Nf3 Bg7 3. g3 d6 4. Bg2 Nd7 5. e4 e5 6. d3 Ne7 7. Nc3 O-O 8. O-O f5
9. fxe5 fxe4 10. Nxe4 d5 11. e6 dxe4 12. dxe4 Nc5 13. Bg5 Qe8 14. e5 Nxe6 15.
Qd2 Nxg5 16. Nxg5 c6 17. Rxf8+ Bxf8 18. Rf1 Nf5 19. Qf4 Be6 20. Ne4 Qe7 21. g4
Bh6 22. g5 Bg7 23. h4 Bd5 24. Nf6+ Bxf6 25. gxf6 Qc5+ 26. Rf2 Bxg2 27. Kxg2 Re8
28. Re2 Qd5+ 29. Kh2 Qd4 30. Qxd4 Nxd4 31. Re4 c5 32. Kg3 Kf7 33. c3 Nf5+ 34.
Kg4 Ke6 35. h5 Nh6+ 36. Kf4 gxh5 37. Kg5 Nf7+ 0-1

[Event "Copenhagen Chess Challenge 2017"]
[Site "Ballerup"]
[Date "2017.05.12"]
[Round "5.28"]
[White "Marthedal, Anton Mehmet Yildiz"]
[Black "Sorensen, Per Settergren"]
[Result "1/2-1/2"]
[WhiteElo "1855"]
[BlackElo "1980"]
[PlyCount "101"]
[EventDate "2017.05.10"]

1. Nf3 c5 2. c4 Nc6 3. Nc3 Nf6 4. g3 d5 5. cxd5 Nxd5 6. Nxd5 Qxd5 7. Bg2 e5 8.
O-O Be7 9. d3 Qd6 10. Be3 Bd7 11. Nd2 b6 12. a4 Rc8 13. Nc4 Qc7 14. f4 O-O 15.
Bxc6 Bxc6 16. Nxe5 Bb7 17. Bd2 Rcd8 18. a5 Bf6 19. axb6 axb6 20. Bc3 Bxe5 21.
Bxe5 Qc6 22. e4 Qb5 23. Ra7 Bxe4 24. Qg4 Bg6 25. f5 Qxd3 26. Qg5 f6 27. fxg6
Qxf1+ 28. Kxf1 fxg5+ 29. Ke2 Rf6 30. gxh7+ Kh8 31. Bxf6 gxf6 32. Re7 Rd6 33.
Ke3 f5 34. h4 gxh4 35. gxh4 Rd4 36. Rb7 Rb4 37. b3 Re4+ 38. Kf3 Rb4 39. Ke3 b5
40. Rc7 Re4+ 41. Kf3 c4 42. bxc4 bxc4 43. h5 Rh4 44. Kg3 Rg4+ 45. Kf3 Rd4 46.
Kg3 Rg4+ 47. Kf3 Rh4 48. Kg3 Rxh5 49. Kf4 Rxh7 50. Rc8+ Kg7 51. Kxf5 1/2-1/2

[Event "Copenhagen Chess Challenge 2017"]
[Site "Ballerup"]
[Date "2017.05.12"]
[Round "5.29"]
[White "Nielsen, Thomas (1975)"]
[Black "Larsen, Preben R"]
[Result "0-1"]
[WhiteElo "1916"]
[BlackElo "1841"]
[PlyCount "58"]
[EventDate "2017.05.10"]

1. d4 d5 2. c4 dxc4 3. Nf3 c6 4. Nc3 e6 5. e4 b5 6. Be2 Bb7 7. a4 a6 8. O-O Nf6
9. Bg5 Be7 10. e5 Nd5 11. Bxe7 Nxc3 12. bxc3 Qxe7 13. Nd2 c5 14. Bf3 Ra7 15.
axb5 Bxf3 16. Qxf3 axb5 17. Ne4 O-O 18. Nf6+ Kh8 19. Qe4 gxf6 20. exf6 Qb7 21.
Qh4 Rxa1 22. Rxa1 Rg8 23. g3 cxd4 24. cxd4 Nd7 25. Re1 Qf3 26. Rb1 Nxf6 27.
Rxb5 Ne4 28. Rh5 Qxf2+ 29. Kh1 Qf1# 0-1

[Event "Copenhagen Chess Challenge 2017"]
[Site "Ballerup"]
[Date "2017.05.12"]
[Round "5.30"]
[White "Christophersen, David"]
[Black "Larsen, Ulrik"]
[Result "0-1"]
[WhiteElo "1788"]
[BlackElo "1938"]
[PlyCount "68"]
[EventDate "2017.05.10"]

1. c4 Nf6 2. g3 g6 3. Bg2 Bg7 4. Nc3 O-O 5. e4 d6 6. Nge2 c5 7. O-O Nc6 8. d3
a6 9. Bg5 h6 10. Be3 Rb8 11. Qd2 Ng4 12. a4 Bd7 13. h3 Nxe3 14. fxe3 Na5 15.
Qc2 b5 16. axb5 axb5 17. Nd5 bxc4 18. Nxe7+ Qxe7 19. Rxa5 Rxb2 20. Qd1 cxd3 21.
Nf4 c4 22. Nd5 Rxg2+ 23. Kxg2 Qxe4+ 24. Kh2 Rb8 25. Rf2 Bc6 26. Qf3 Qxf3 27.
Rxf3 Rb2+ 28. Kg1 d2 29. Rf1 Bxd5 30. Rxd5 Be5 31. Ra5 c3 32. Ra8+ Kg7 33. Ra7
Bf6 34. g4 c2 0-1

[Event "Copenhagen Chess Challenge 2017"]
[Site "Ballerup"]
[Date "2017.05.12"]
[Round "5.31"]
[White "Bendixen, Daniel"]
[Black "Winther, Bjarke Rosenborg"]
[Result "1-0"]
[WhiteElo "1855"]
[BlackElo "1784"]
[PlyCount "119"]
[EventDate "2017.05.10"]

1. e4 c5 2. c4 Nc6 3. Nf3 d6 4. d4 cxd4 5. Nxd4 Nf6 6. Nc3 g6 7. Be2 Bg7 8. O-O
Qb6 9. Nb3 O-O 10. Be3 Qd8 11. f3 b6 12. Rc1 Ba6 13. Nd4 Nxd4 14. Bxd4 Ne8 15.
Be3 Rc8 16. b3 Nc7 17. Qd2 Ne6 18. Nd5 Bb7 19. Rfd1 Nc7 20. Bg5 Nxd5 21. exd5
Bf6 22. Bf4 Qd7 23. Bd3 Rcd8 24. a4 Bc8 25. Bb1 Qb7 26. Re1 Bd7 27. Re2 Qc8 28.
Rce1 Bf5 29. Bg5 Bxb1 30. Bxf6 exf6 31. Rxb1 Rfe8 32. Rbe1 Rxe2 33. Qxe2 Rd7
34. Qe8+ Qxe8 35. Rxe8+ Kg7 36. Kf2 f5 37. Ke2 Kf6 38. Kd2 h5 39. b4 g5 40. Kd3
f4 41. Kd4 Kf5 42. a5 g4 43. a6 h4 44. h3 gxh3 45. gxh3 f6 46. c5 dxc5+ 47.
bxc5 bxc5+ 48. Kxc5 Rc7+ 49. Kd4 Rc1 50. d6 Rd1+ 51. Kc5 Rc1+ 52. Kd5 Rd1+ 53.
Kc6 Rc1+ 54. Kb7 Rd1 55. Kc7 Rc1+ 56. Kd8 Rc3 57. d7 Rxf3 58. Kc7 Rc3+ 59. Kb7
Ra3 60. Rc8 1-0

[Event "Copenhagen Chess Challenge 2017"]
[Site "Ballerup"]
[Date "2017.05.12"]
[Round "5.32"]
[White "Winkler, Finn Lukas"]
[Black "Kvaloy, Aksel Bu"]
[Result "1-0"]
[WhiteElo "1824"]
[BlackElo "1706"]
[PlyCount "129"]
[EventDate "2017.05.10"]

1. e4 c5 2. Nc3 g6 3. Bc4 Bg7 4. d3 Nc6 5. Nge2 e6 6. Be3 d6 7. O-O Nge7 8. d4
cxd4 9. Nxd4 O-O 10. Qd2 a6 11. Rad1 d5 12. exd5 exd5 13. Bb3 Be6 14. Nf3 Qc7
15. Bf4 Qb6 16. Rfe1 h6 17. Bxh6 Qc7 18. Bf4 Qb6 19. Na4 Qd8 20. Nc5 Bg4 21.
Nxb7 Qb6 22. Nd6 Bxf3 23. gxf3 Nd4 24. Qe3 Nef5 25. Nxf5 gxf5 26. c3 Qg6+ 27.
Bg3 Ne6 28. f4 Bh6 29. Kh1 Kh7 30. Bxd5 Rae8 31. Bxe6 Rxe6 32. Qf3 Rxe1+ 33.
Rxe1 Rg8 34. c4 Bf8 35. Re5 Bd6 36. Rd5 Re8 37. Qd3 Bxf4 38. Qxf5 Bxg3 39.
Qxg6+ fxg6 40. hxg3 Re2 41. b4 Rxa2 42. Ra5 Rb2 43. Rxa6 Rxb4 44. Ra7+ Kh6 45.
c5 Rc4 46. Rc7 Rc1+ 47. Kg2 Rc3 48. c6 Rc2 49. Rc8 Rc3 50. c7 Kg7 51. f3 Rc2+
52. Kf1 Rc1+ 53. Ke2 Rc5 54. Kd3 Rc1 55. g4 g5 56. Ke4 Rc5 57. Kd4 Rc1 58. Ke5
Rc2 59. Kd6 Rd2+ 60. Ke6 Rc2 61. Rd8 Rxc7 62. Rd7+ Rxd7 63. Kxd7 Kf7 64. Kd6
Kf6 65. Kd5 1-0

[Event "Copenhagen Chess Challenge 2017"]
[Site "Ballerup"]
[Date "2017.05.12"]
[Round "5.33"]
[White "Hentley, Darryl"]
[Black "Liu, Casper Yukun"]
[Result "0-1"]
[WhiteElo "1643"]
[BlackElo "1803"]
[PlyCount "48"]
[EventDate "2017.05.10"]

1. a3 e5 2. b4 d5 3. e4 dxe4 4. Qh5 Bd6 5. Bc4 g6 6. Qe2 Nc6 7. Bb2 Qg5 8. Qxe4
Bf5 9. Nh3 Qh5 10. Qe3 O-O-O 11. b5 Nd4 12. O-O Nxc2 13. Qxa7 Bxh3 14. Bd5 Be6
15. Qxb7+ Kd7 16. Qc6+ Ke7 17. Bf3 Qh6 18. Qxc2 e4 19. h3 exf3 20. Bxh8 fxg2
21. Re1 Bh2+ 22. Kxg2 Qxh3+ 23. Kh1 Bg3+ 24. Kg1 Qh2+ 0-1

[Event "Copenhagen Chess Challenge 2017"]
[Site "Ballerup"]
[Date "2017.05.12"]
[Round "5.34"]
[White "Sundin, Sven Ingvar"]
[Black "Oltzen, Samuel"]
[Result "0-1"]
[WhiteElo "1605"]
[BlackElo "1914"]
[PlyCount "86"]
[EventDate "2017.05.10"]

1. e4 c5 2. Nf3 d6 3. d4 cxd4 4. Nxd4 Nf6 5. Nc3 a6 6. Bc4 e6 7. g4 b5 8. Bd3
b4 9. Na4 Bd7 10. b3 Bxa4 11. bxa4 Qa5 12. g5 Nfd7 13. Qd2 d5 14. Nb3 Qxa4 15.
Bb2 Qc6 16. f3 Nc5 17. O-O dxe4 18. fxe4 Nxb3 19. cxb3 Bc5+ 20. Kh1 O-O 21.
Rac1 Qb6 22. Qf4 Nd7 23. Rf3 Bd4 24. Bxd4 Qxd4 25. Bb1 Ne5 26. Rf2 Rac8 27.
Rcf1 Rc3 28. Rd2 Qc5 29. Rfd1 Rc1 30. Qf1 Rxd1 31. Qxd1 Qe7 32. Rg2 Rd8 33. Qe2
Qd6 34. Bc2 Ng6 35. Rf2 e5 36. Rf1 Nf4 37. Qe1 g6 38. h4 a5 39. Rf2 Qe6 40. Rf3
Qg4 41. Qf2 Rc8 42. Bd1 Rc1 43. Qd2 Rxd1+ 0-1

[Event "Copenhagen Chess Challenge 2017"]
[Site "Ballerup"]
[Date "2017.05.12"]
[Round "5.35"]
[White "Kallenbach, Uffe"]
[Black "Van den Brink, Nienke"]
[Result "1/2-1/2"]
[WhiteElo "1698"]
[BlackElo "1756"]
[PlyCount "60"]
[EventDate "2017.05.10"]

1. e4 c5 2. c3 d5 3. exd5 Qxd5 4. d4 cxd4 5. cxd4 e6 6. Nf3 Nf6 7. Be2 Be7 8.
Nc3 Qd8 9. Bf4 Bd7 10. O-O O-O 11. Rc1 a6 12. Ne5 Nc6 13. a3 Rc8 14. Bf3 Qb6
15. Na4 Qd8 16. Nxd7 Nxd7 17. b4 Nb6 18. Be3 Nd5 19. Nc5 Rc7 20. Nxb7 Rxb7 21.
Rxc6 a5 22. bxa5 Qxa5 23. Bc1 Bxa3 24. Bd2 Qb5 25. Bxd5 Qxd5 26. Qa4 Qb5 27.
Ra6 Qxa4 28. Rxa4 Be7 29. g3 h6 30. Re1 Rc8 1/2-1/2

[Event "Copenhagen Chess Challenge 2017"]
[Site "Ballerup"]
[Date "2017.05.12"]
[Round "5.36"]
[White "Nielsen, Carsten Juul"]
[Black "Nielsen, Thomas (1994)"]
[Result "1-0"]
[WhiteElo "1897"]
[BlackElo "1582"]
[PlyCount "97"]
[EventDate "2017.05.10"]

1. d4 e6 2. Nf3 Nf6 3. c4 d5 4. Nc3 c5 5. cxd5 cxd4 6. Qxd4 Nxd5 7. e4 Nxc3 8.
Qxc3 Nc6 9. a3 Bd7 10. Bg5 f6 11. Be3 Rc8 12. Qd2 Qa5 13. Qxa5 Nxa5 14. Bxa7
Nc4 15. Bd4 e5 16. Rc1 Nd6 17. Rxc8+ Bxc8 18. Bc3 Nxe4 19. Bb5+ Bd7 20. Bxd7+
Kxd7 21. Ba5 Bc5 22. O-O Ke6 23. Nd2 Nxd2 24. Bxd2 Bd4 25. b3 Rc8 26. Rc1 Rxc1+
27. Bxc1 Kd5 28. Kf1 b5 29. Ke2 e4 30. f3 exf3+ 31. gxf3 Bg1 32. h3 Bd4 33. Kd3
Ba1 34. Bd2 Bb2 35. Bb4 g6 36. a4 bxa4 37. bxa4 Be5 38. Bd2 f5 39. Be3 Bc7 40.
Bd2 Bb6 41. Bb4 Ke5 42. Bd2 h5 43. a5 Ba7 44. Be3 Bb8 45. f4+ Kd6 46. a6 Ke6
47. a7 Bxa7 48. Bxa7 g5 49. fxg5 1-0

[Event "Copenhagen Chess Challenge 2017"]
[Site "Ballerup"]
[Date "2017.05.13"]
[Round "6.1"]
[White "Ochsner, Bjorn Moller"]
[Black "Rasmussen, Allan Stig"]
[Result "1/2-1/2"]
[WhiteElo "2436"]
[BlackElo "2547"]
[PlyCount "63"]
[EventDate "2017.05.10"]

1. Nf3 d5 2. d4 e6 3. c4 dxc4 4. e3 a6 5. Bxc4 c5 6. O-O Nd7 7. Bb3 Ngf6 8. e4
Nxe4 9. Re1 Nd6 10. d5 e5 11. Nxe5 Nxe5 12. f4 Nf5 13. Nc3 c4 14. Rxe5+ Be7 15.
Bxc4 O-O 16. Bd3 g6 17. Re1 Bf6 18. Bxf5 Bxf5 19. Be3 b5 20. Bc5 Re8 21. Qd2
Rxe1+ 22. Rxe1 Rc8 23. Qe3 Bxc3 24. bxc3 Qxd5 25. Bd4 Be6 26. f5 Qxf5 27. Rf1
Qh5 28. Qf4 Kf8 29. Qd6+ Kg8 30. Qf4 Kf8 31. Qd6+ Kg8 32. Qf4 1/2-1/2